[Event "VI Sunway Sitges Open 2019"]
[Site "Sitges"]
[Date "2019.12.15"]
[Round "3.17"]
[White "Vogel, Roven"]
[Black "Lopez Martinez, Josep Manuel"]
[Result "1/2-1/2"]
[WhiteElo "2457"]
[BlackElo "2561"]
[Annotator "ChessBase"]
[PlyCount "41"]
[EventDate "2019.12.13"]
[EventType "swiss"]
[EventCountry "ESP"]
[SourceTitle "playchess.com"]
[Source "ChessBase"]
[SourceQuality "1"]
[TimeControl "40/5400+30:1800+30"]

1. c4 e6 2. Nf3 d5 3. d4 Nf6 4. Nc3 dxc4 5. e4 Bb4 6. Bxc4 Nxe4 7. O-O Nxc3 8. bxc3 Bd6 9. Ng5 h6 10. Qh5 O-O 11. Ne4 f5 12. Nxd6 cxd6 13. Bxh6 gxh6 14. Qg6+ Kh8 15. Qxh6+ Kg8 16. Bxe6+ Bxe6 17. Qg6+ Kh8 18. Qh6+ Kg8 19. Qg6+ Kh8 20. Qh6+ Kg8 21. Qg6+ 1/2-1/2

[Event "VI Sunway Sitges Open 2019"]
[Site "Sitges"]
[Date "2019.12.15"]
[Round "3.18"]
[White "Dragnev, Valentin"]
[Black "Raja Harshit"]
[Result "1/2-1/2"]
[WhiteElo "2553"]
[BlackElo "2447"]
[Annotator "ChessBase"]
[PlyCount "60"]
[EventDate "2019.12.13"]
[EventType "swiss"]
[EventCountry "ESP"]
[SourceTitle "playchess.com"]
[Source "ChessBase"]
[SourceQuality "1"]
[TimeControl "40/5400+30:1800+30"]

1. d4 Nf6 2. c4 e6 3. Nf3 d5 4. g3 Be7 5. Bg2 O-O 6. O-O dxc4 7. Qc2 a6 8. a4 Bd7 9. Qxc4 Bc6 10. Bg5 Nbd7 11. Nc3 h6 12. Bxf6 Nxf6 13. Rfd1 Bd5 14. Qd3 Bxf3 15. Bxf3 c6 16. e4 Qa5 17. e5 Nd5 18. h4 Rfd8 19. h5 Nb4 20. Qe4 Rd7 21. Be2 Rad8 22. Rd2 c5 23. Rad1 cxd4 24. Rxd4 Rxd4 25. Rxd4 Rxd4 26. Qxd4 Nc6 27. Qd7 Qb4 28. Bxa6 bxa6 29. Qxc6 Qxb2 30. Kg2 Bb4 1/2-1/2

[Event "VI Sunway Sitges Open 2019"]
[Site "Sitges"]
[Date "2019.12.15"]
[Round "3.19"]
[White "Real De Azua, Ernesto"]
[Black "Gukesh D"]
[Result "1/2-1/2"]
[WhiteElo "2450"]
[BlackElo "2547"]
[Annotator "ChessBase"]
[PlyCount "116"]
[EventDate "2019.12.13"]
[EventType "swiss"]
[EventCountry "ESP"]
[SourceTitle "playchess.com"]
[Source "ChessBase"]
[SourceQuality "1"]
[TimeControl "40/5400+30:1800+30"]

1. d4 d5 2. c4 e6 3. Nc3 Bb4 4. a3 Bxc3+ 5. bxc3 Nf6 6. e3 O-O 7. cxd5 exd5 8. Bd3 b6 9. Ne2 Ba6 10. O-O Re8 11. f3 c5 12. Ng3 Bxd3 13. Qxd3 Nc6 14. Bb2 c4 15. Qe2 h5 16. Rae1 h4 17. Nf5 Ne7 18. Nxe7+ Qxe7 19. Qf2 h3 20. g4 Nh7 21. e4 dxe4 22. fxe4 Rac8 23. Bc1 Rc6 24. Qf3 Rg6 25. e5 Nf6 26. g5 Nh7 27. Qxh3 Nxg5 28. Bxg5 Rxg5+ 29. Kh1 Qxa3 30. Qf3 Qe7 31. d5 Rxe5 32. Rxe5 Qxe5 33. Qxf7+ Kh7 34. Qf3 Qe4 35. Qxe4+ Rxe4 36. d6 Re8 37. Rf7 Rd8 38. Rxa7 Rxd6 39. Rc7 Rd1+ 40. Kg2 Rd2+ 41. Kg1 b5 42. Rc5 Rb2 43. h4 Kg6 44. Kf1 Kh6 45. Rd5 Kh7 46. Rc5 Kg6 47. Rd5 Kh6 48. Rc5 g6 49. Rd5 Rb3 50. Kg2 Rxc3 51. Rxb5 Rd3 52. Rc5 c3 53. Kh2 Rd2+ 54. Kg3 c2 55. Rc7 Rd3+ 56. Kg4 Rd2 57. Kg3 Re2 58. Kg4 Rf2 1/2-1/2

[Event "VI Sunway Sitges Open 2019"]
[Site "Sitges"]
[Date "2019.12.15"]
[Round "3.20"]
[White "Shevchenko, Kirill"]
[Black "Esplugas Esteve, Vicenc"]
[Result "1-0"]
[WhiteElo "2547"]
[BlackElo "2366"]
[Annotator "ChessBase"]
[PlyCount "37"]
[EventDate "2019.12.13"]
[EventType "swiss"]
[EventCountry "ESP"]
[SourceTitle "playchess.com"]
[Source "ChessBase"]
[SourceQuality "1"]
[TimeControl "40/5400+30:1800+30"]

1. Nf3 d6 2. d4 f5 3. g3 Nf6 4. Bg2 g6 5. O-O Bg7 6. b3 a5 7. c4 O-O 8. Nc3 Nc6 9. Bb2 Ne4 10. Rc1 e5 11. dxe5 Nxc3 12. Bxc3 dxe5 13. Qd5+ Kh8 14. Qxd8 Rxd8 15. Ng5 Re8 16. Nf7+ Kg8 17. Bd5 Kf8 18. Ng5 h6 19. Bxc6 {[%emt 0:23:24]} 1-0

[Event "VI Sunway Sitges Open 2019"]
[Site "Sitges"]
[Date "2019.12.15"]
[Round "3.21"]
[White "Rafiee, Makan"]
[Black "Nasuta, Grzegorz"]
[Result "1/2-1/2"]
[WhiteElo "2335"]
[BlackElo "2545"]
[Annotator "ChessBase"]
[PlyCount "97"]
[EventDate "2019.12.13"]
[EventType "swiss"]
[EventCountry "ESP"]
[SourceTitle "playchess.com"]
[Source "ChessBase"]
[SourceQuality "1"]
[TimeControl "40/5400+30:1800+30"]

1. e4 {[%emt 0:00:00]} e6 {[%emt 0:00:11]} 2. d4 {[%emt 0:00:00]} d5 {[%emt 0:00:05]} 3. Nc3 {[%emt 0:00:00]} Nf6 {[%emt 0:00:35]} 4. e5 {[%emt 0:00:09]} Nfd7 {[%emt 0:00:07]} 5. f4 {[%emt 0:00:14]} c5 {[%emt 0:00:06]} 6. Nce2 {[%emt 0:00:42]} Nc6 {[%emt 0:00:58]} 7. c3 {[%emt 0:00:18]} Be7 {[%emt 0:00:34]} 8. Nf3 {[%emt 0:00:15]} O-O {[%emt 0:00:52]} 9. h4 {[%emt 0:00:40]} a5 {[%emt 0:03:07]} 10. Neg1 {[%emt 0:08:35]} h6 {[%emt 0:56:08]} 11. Bd3 {[%emt 0:01:25]} f5 {[%emt 0:00:06]} 12. g4 {[%emt 0:15:44]} cxd4 {[%emt 0:12:32]} 13. cxd4 {[%emt 0:00:29]} Bb4+ {[%emt 0:07:39]} 14. Kf1 {[%emt 0:01:27]} fxg4 {[%emt 0:10:28]} 15. Ng5 {[%emt 0:00:07]} Ndxe5 {[%emt 0:01:16]} 16. dxe5 {[%emt 0:00:45]} Nxe5 {[%emt 0:00:01]} 17. Bh7+ {[%emt 0:01:47]} Kh8 {[%emt 0:00:01]} 18. Kg2 {[%emt 0:00:54]} Nf7 {[%emt 0:00:23]} 19. Bg6 {[%emt 0:05:40]} Nd6 {[%emt 0:00:01]} 20. Qxg4 {[%emt 0:23:40]} e5 {[%emt 0:00:43]} 21. Qh5 {[%emt 0:00:12]} exf4 {[%emt 0:00:19]} 22. Ne2 {[%emt 0:01:45]} Ne8 {[%emt 0:01:26]} 23. Nf7+ {[%emt 0:01:13]} Rxf7 {[%emt 0:00:01]} 24. Bxf7 {[%emt 0:00:06]} Nf6 {[%emt 0:00:15]} 25. Qg6 {[%emt 0:07:45]} f3+ {[%emt 0:00:00]} 26. Kxf3 {[%emt 0:00:08]} Bg4+ {[%emt 0:00:07]} 27. Kf2 {[%emt 0:02:14]} Qe7 {[%emt 0:03:59]} 28. Nf4 {[%emt 0:04:42]} Rf8 {[%emt 0:00:26]} 29. Kg2 {[%emt 0:07:35]} Rxf7 {[%emt 0:00:31]} 30. Qxg4 {[%emt 0:00:47]} Nxg4 {[%emt 0:00:13]} 31. Ng6+ {[%emt 0:00:04]} Kh7 {[%emt 0:00:14]} 32. Nxe7 {[%emt 0:00:05]} Rxe7 {[%emt 0:00:25]} 33. Bf4 {[%emt 0:00:55]} h5 {[%emt 0:01:08]} 34. Rad1 {[%emt 0:01:39]} Re2+ {[%emt 0:01:08]} 35. Kf3 {[%emt 0:00:33]} Rf2+ {[%emt 0:00:16]} 36. Kg3 {[%emt 0:00:04]} Rxb2 {[%emt 0:00:22]} 37. Rxd5 {[%emt 0:00:16]} Nf6 {[%emt 0:00:05]} 38. Be5 {[%emt 0:00:52]} Rxa2 {[%emt 0:01:36]} 39. Bxf6 {[%emt 0:00:05]} gxf6 {[%emt 0:00:02]} 40. Rxh5+ {[%emt 0:00:00]} Kg6 {[%emt 0:00:00]} 41. Rb5 {[%emt 0:00:10]} Bd6+ {[%emt 0:05:36]} 42. Kf3 {[%emt 0:03:57]} Be5 {[%emt 0:07:26]} 43. h5+ {[%emt 0:01:46]} Kh6 {[%emt 0:00:11]} 44. Rxb7 {[%emt 0:00:27]} Ra3+ {[%emt 0:00:22]} 45. Ke4 {[%emt 0:00:40]} Rg3 {[%emt 0:01:41]} 46. Ra7 {[%emt 0:02:24]} a4 {[%emt 0:00:15]} 47. Ra8 {[%emt 0:00:37]} a3 {[%emt 0:01:06]} 48. Kf5 {[%emt 0:01:33]} Bb2 {[%emt 0:04:45]} 49. Rh8+ {[%emt 0:00:58]} 1/2-1/2

[Event "VI Sunway Sitges Open 2019"]
[Site "Sitges"]
[Date "2019.12.15"]
[Round "3.22"]
[White "Risting, Eivind Olav"]
[Black "Li, Di"]
[Result "0-1"]
[WhiteElo "2307"]
[BlackElo "2543"]
[Annotator "RC"]
[PlyCount "168"]
[EventDate "2019.12.13"]
[EventType "swiss"]
[EventCountry "ESP"]
[SourceTitle "playchess.com"]
[Source "ChessBase"]
[SourceQuality "1"]
[TimeControl "40/5400+30:1800+30"]

1. d4 {[%emt 0:00:00]} d5 {[%emt 0:00:00]} 2. c4 {[%emt 0:00:00]} c6 {[%emt 0:00:17]} 3. Nc3 {[%emt 0:00:24]} Nf6 {[%emt 0:00:16]} 4. e3 {[%emt 0:00:19]} a6 {[%emt 0:03:13]} 5. Nf3 {[%emt 0:01:00]} Bf5 {[%emt 0:01:24]} 6. Qb3 {[%emt 0:02:40]} Ra7 {[%emt 0:02:02]} 7. Nh4 {[%emt 0:01:38]} Bc8 {[%emt 0:02:27]} 8. Qc2 b5 {[%emt 0:09:30]} 9. b3 {[%emt 0:08:14]} Nbd7 {[%emt 0:12:24]} 10. Nf3 {[%emt 0:04:50]} e6 {[%emt 0:05:05]} 11. Bd3 {[%emt 0:07:33]} Be7 {[%emt 0:12:37]} 12. O-O {[%emt 0:02:06]} dxc4 {[%emt 0:02:55]} 13. bxc4 {[%emt 0:00:30]} bxc4 {[%emt 0:00:20]} 14. Bxc4 {[%emt 0:00:49]} c5 {[%emt 0:00:20]} 15. Rd1 {[%emt 0:18:42]} Bb7 {[%emt 0:23:56]} 16. d5 {[%emt 0:04:08]} exd5 {[%emt 0:00:06]} 17. Nxd5 {[%emt 0:00:11]} Nxd5 {[%emt 0:00:08]} 18. Bxd5 {[%emt 0:00:08]} Bxd5 {[%emt 0:00:06]} 19. Rxd5 {[%emt 0:00:08]} Qa8 {[%emt 0:00:11]} 20. e4 {[%emt 0:05:36]} O-O {[%emt 0:00:56]} 21. Bb2 {[%emt 0:01:39]} Nb6 {[%emt 0:04:33]} 22. Rh5 {[%emt 0:04:37]} Qc6 {[%emt 0:00:49]} 23. Qc3 {[%emt 0:08:28]} Qg6 {[%emt 0:01:38]} 24. Rf5 {[%emt 0:09:38]} Na4 {[%emt 0:00:49]} 25. Qc2 {[%emt 0:00:10]} Nxb2 {[%emt 0:00:20]} 26. Qxb2 {[%emt 0:00:15]} Qe6 {[%emt 0:02:55]} 27. Qc2 {[%emt 0:03:16]} Rd7 {[%emt 0:01:08]} 28. Re1 {[%emt 0:01:22]} Rfd8 {[%emt 0:03:36]} 29. h3 {[%emt 0:04:22]} Bf8 {[%emt 0:01:32]} 30. Ng5 {[%emt 0:07:30]} Qg6 {[%emt 0:00:09]} 31. Nf3 {[%emt 0:00:27]} Rb7 {[%emt 0:01:01]} 32. Rb1 {[%emt 0:01:25]} Rc7 {[%emt 0:05:22]} 33. Re1 {[%emt 0:01:21]} h6 {[%emt 0:00:30]} 34. Qc4 {[%emt 0:00:58]} Qe6 {[%emt 0:00:08]} 35. Rd5 {[%emt 0:00:35]} Rb7 {[%emt 0:02:23]} 36. Qd3 {[%emt 0:01:24]} Rbd7 {[%emt 0:01:27]} 37. Rd1 {[%emt 0:00:39]} Rd6 {[%emt 0:00:34]} 38. Qc4 {[%emt 0:01:13]} Rb6 {[%emt 0:00:46]} 39. Qc2 {[%emt 0:00:29]} Rdb8 {[%emt 0:00:54]} 40. e5 {[%emt 0:00:00]} Rb2 {[%emt 0:00:00]} 41. Qa4 {[%emt 0:07:41]} Rb1 {[%emt 0:04:07]} 42. R5d2 {[%emt 0:04:35]} Rxd1+ {[%emt 0:02:37]} 43. Rxd1 {[%emt 0:01:55]} Be7 {[%emt 0:01:50]} 44. Qa5 {[%emt 0:02:08]} Rb7 {[%emt 0:03:04]} 45. Qd2 {[%emt 0:04:41]} Bf8 {[%emt 0:02:03]} 46. Qe2 {[%emt 0:01:55]} Rb8 {[%emt 0:01:52]} 47. Qc2 {[%emt 0:00:45]} g6 {[%emt 0:01:13]} 48. Qe2 {[%emt 0:00:46]} Kg7 {[%emt 0:00:21]} 49. Qc2 {[%emt 0:01:09]} Be7 {[%emt 0:00:12]} 50. Qa4 {[%emt 0:01:59]} Kf8 {[%emt 0:02:18]} 51. Qf4 {[%emt 0:01:15]} Kg7 {[%emt 0:00:08]} 52. Qa4 {[%emt 0:00:55]} Rb7 {[%emt 0:01:57]} 53. Qa5 {[%emt 0:02:11]} Kh7 {[%emt 0:01:44]} 54. Qa4 {[%emt 0:00:18]} Rb5 {[%emt 0:01:01]} 55. Qc2 {[%emt 0:01:20]} Rb4 {[%emt 0:00:47]} 56. Rd2 {[%emt 0:00:41]} Kg7 {[%emt 0:00:27]} 57. Rd1 {[%emt 0:00:21]} Kg8 {[%emt 0:03:57]} 58. Qd2 {[%emt 0:00:19]} Kh7 {[%emt 0:00:38]} 59. Qc2 {[%emt 0:00:45]} Kg7 {[%emt 0:00:06]} 60. Rd2 {[%emt 0:00:56]} a5 {[%emt 0:00:48]} 61. Qc3 {[%emt 0:01:58]} Kh7 {[%emt 0:03:14]} 62. Qc2 {[%emt 0:00:13]} a4 {[%emt 0:00:29]} 63. Qc3 {[%emt 0:01:47]} Rb1+ {[%emt 0:01:52]} 64. Kh2 {[%emt 0:00:03]} Rb7 {[%emt 0:00:21]} 65. Kg1 {[%emt 0:00:43]} Rb4 {[%emt 0:00:41]} 66. Kh1 {[%emt 0:00:58]} Qf5 {[%emt 0:01:13]} 67. Re2 {[%emt 0:01:28]} Rb1+ {[%emt 0:02:08]} 68. Re1 {[%emt 0:00:31]} Qe4 {[%emt 0:00:26]} 69. Kh2 {[%emt 0:00:29]} Rxe1 {[%emt 0:01:43]} 70. Qxe1 {[%emt 0:00:09]} Qf4+ {[%emt 0:00:22]} 71. Kg1 {[%emt 0:00:06]} Qc4 {[%emt 0:01:06]} 72. Qd2 {[%emt 0:00:07]} a3 {[%emt 0:00:52]} 73. Qd7 {[%emt 0:01:21]} Bf8 {[%emt 0:00:57]} 74. Qd2 {[%emt 0:00:17]} Qe4 {[%emt 0:00:40]} 75. h4 {[%emt 0:00:56]} Kg8 {[%emt 0:00:22]} 76. Kh2 {[%emt 0:00:45]} c4 {[%emt 0:00:42]} 77. Kg1 {[%emt 0:00:47]} Qb1+ {[%emt 0:00:18]} 78. Qe1 {[%emt 0:00:31]} Qf5 {[%emt 0:00:55]} 79. Qc3 {[%emt 0:00:21]} Qb1+ {[%emt 0:00:23]} 80. Qe1 {[%emt 0:00:04]} Qxa2 {[%emt 0:00:27]} 81. e6 {[%emt 0:00:09]} Qb2 {[%emt 0:00:27]} 82. exf7+ {[%emt 0:01:24]} Kg7 {[%emt 0:00:02]} 83. Qe4 {[%emt 0:00:31]} a2 {[%emt 0:00:14]} 84. h5 {[%emt 0:00:27]} Qb1+ {[%emt 0:00:34]} 0-1

[Event "VI Sunway Sitges Open 2019"]
[Site "Sitges"]
[Date "2019.12.15"]
[Round "3.23"]
[White "Webb, Laurence E"]
[Black "Stefansson, Hannes"]
[Result "0-1"]
[WhiteElo "2296"]
[BlackElo "2538"]
[Annotator "ChessBase"]
[PlyCount "100"]
[EventDate "2019.12.13"]
[EventType "swiss"]
[EventCountry "ESP"]
[SourceTitle "playchess.com"]
[Source "ChessBase"]
[SourceQuality "1"]
[TimeControl "40/5400+30:1800+30"]

1. d4 {[%emt 0:00:00]} Nf6 {[%emt 0:00:00]} 2. c4 {[%emt 0:00:00]} b6 {[%emt 0:00:09]} 3. Nc3 {[%emt 0:01:08]} Bb7 {[%emt 0:00:21]} 4. f3 {[%emt 0:02:37]} d5 {[%emt 0:00:43]} 5. cxd5 {[%emt 0:00:45]} Nxd5 {[%emt 0:00:14]} 6. Nxd5 {[%emt 0:00:42]} Qxd5 {[%emt 0:00:54]} 7. e4 {[%emt 0:00:11]} Qd6 {[%emt 0:02:43]} 8. Ne2 {[%emt 0:02:10]} e5 {[%emt 0:02:26]} 9. Be3 {[%emt 0:02:18]} Nd7 {[%emt 0:02:10]} 10. Nc3 {[%emt 0:11:10]} a6 {[%emt 0:00:28]} 11. d5 {[%emt 0:04:30]} Qg6 {[%emt 0:11:09]} 12. Qc2 {[%emt 0:07:47]} Bc5 {[%emt 0:03:29]} 13. Bxc5 {[%emt 0:02:15]} Nxc5 {[%emt 0:00:06]} 14. b4 {[%emt 0:01:33]} Nd7 {[%emt 0:00:40]} 15. Bc4 {[%emt 0:03:16]} b5 {[%emt 0:10:02]} 16. Bd3 {[%emt 0:04:56]} Qd6 {[%emt 0:03:00]} 17. a3 {[%emt 0:02:24]} Rc8 {[%emt 0:01:16]} 18. Qd2 {[%emt 0:06:09]} Nb6 {[%emt 0:13:30]} 19. Qe3 {[%emt 0:09:17]} c5 {[%emt 0:01:38]} 20. dxc6 {[%emt 0:01:27]} Rxc6 {[%emt 0:01:43]} 21. Rc1 {[%emt 0:06:03]} O-O {[%emt 0:02:53]} 22. Kf2 {[%emt 0:02:38]} Rfc8 {[%emt 0:04:58]} 23. Ne2 {[%emt 0:03:43]} Na4 {[%emt 0:01:06]} 24. Rxc6 {[%emt 0:00:58]} Rxc6 {[%emt 0:01:43]} 25. Rd1 {[%emt 0:05:41]} Qd8 {[%emt 0:01:13]} 26. g3 {[%emt 0:05:45]} Rd6 {[%emt 0:04:00]} 27. Rd2 {[%emt 0:01:20]} Nb2 {[%emt 0:03:10]} 28. Rxb2 {[%emt 0:00:45]} Rxd3 {[%emt 0:00:06]} 29. Qc5 {[%emt 0:02:23]} Qf6 {[%emt 0:03:31]} 30. Ng1 {[%emt 0:03:12]} Bxe4 {[%emt 0:02:10]} 31. Ke2 {[%emt 0:01:49]} Rd5 {[%emt 0:01:10]} 32. Qe3 {[%emt 0:02:35]} Bd3+ {[%emt 0:01:40]} 33. Kf2 {[%emt 0:00:11]} e4 {[%emt 0:00:52]} 34. Rd2 {[%emt 0:02:05]} Re5 {[%emt 0:05:43]} 35. f4 {[%emt 0:01:55]} Re6 {[%emt 0:02:03]} 36. Nh3 {[%emt 0:01:16]} Qa1 {[%emt 0:00:45]} 37. g4 {[%emt 0:00:19]} h6 {[%emt 0:02:56]} 38. f5 {[%emt 0:00:41]} Rd6 {[%emt 0:04:54]} 39. Nf4 {[%emt 0:00:35]} Qxa3 {[%emt 0:00:21]} 40. Qc5 {[%emt 0:00:00]} Rd8 {[%emt 0:00:00]} 41. Nh5 {[%emt 0:07:25]} Qa1 {[%emt 0:02:23]} 42. Qe3 {[%emt 0:02:05]} Qe5 {[%emt 0:04:02]} 43. Nf4 {[%emt 0:01:29]} Qd6 {[%emt 0:01:02]} 44. Ra2 {[%emt 0:03:34]} Rc8 {[%emt 0:01:40]} 45. Kg2 {[%emt 0:03:06]} Rc3 {[%emt 0:02:37]} 46. Ne2 {[%emt 0:03:25]} Rc4 {[%emt 0:01:11]} 47. Qf4 {[%emt 0:05:49]} Qc6 {[%emt 0:02:06]} 48. Qb8+ {[%emt 0:00:54]} Kh7 {[%emt 0:00:08]} 49. Ng3 {[%emt 0:00:22]} e3+ {[%emt 0:00:21]} 50. Kh3 {[%emt 0:00:14]} Qf3 {[%emt 0:00:24]} 0-1

[Event "VI Sunway Sitges Open 2019"]
[Site "Sitges"]
[Date "2019.12.15"]
[Round "3.24"]
[White "Narayanan, Srinath"]
[Black "Ajay Krishna, S."]
[Result "1-0"]
[WhiteElo "2529"]
[BlackElo "2302"]
[Annotator "ChessBase"]
[PlyCount "133"]
[EventDate "2019.12.13"]
[EventType "swiss"]
[EventCountry "ESP"]
[SourceTitle "playchess.com"]
[Source "ChessBase"]
[SourceQuality "1"]
[TimeControl "40/5400+30:1800+30"]

1. e4 c5 2. Nf3 d6 3. d4 cxd4 4. Qxd4 Nc6 5. Qe3 e6 6. Be2 Be7 7. O-O {[%emt 0:07:44]} Nf6 {[%emt 0:09:53]} 8. Rd1 {[%emt 0:01:31]} O-O 9. h3 {[%emt 0:00:36]} Qc7 {[%emt 0:08:49]} 10. c4 {[%emt 0:00:30]} Ne5 {[%emt 0:00:30]} 11. b3 {[%emt 0:00:30]} a5 {[%emt 0:00:30]} 12. Nc3 {[%emt 0:00:30]} Bd7 {[%emt 0:00:30]} 13. Nd4 {[%emt 0:00:30]} a4 {[%emt 0:00:30]} 14. Ba3 {[%emt 0:00:30]} axb3 {[%emt 0:00:30]} 15. axb3 {[%emt 0:00:30]} Ng6 {[%emt 0:00:30]} 16. g3 {[%emt 0:00:30]} Rfd8 {[%emt 0:29:04]} 17. Ndb5 {[%emt 0:31:09]} Bxb5 {[%emt 0:00:38]} 18. Nxb5 {[%emt 0:00:02]} Qc6 {[%emt 0:01:08]} 19. Bf3 {[%emt 0:02:02]} e5 {[%emt 0:01:58]} 20. Bb4 {[%emt 0:20:30]} Ra6 {[%emt 0:05:43]} 21. Bg2 {[%emt 0:04:29]} Ne8 {[%emt 0:05:19]} 22. Na7 {[%emt 0:02:08]} Qc7 {[%emt 0:01:03]} 23. Nb5 {[%emt 0:00:05]} Qc6 {[%emt 0:00:21]} 24. Bf1 {[%emt 0:01:37]} Rda8 {[%emt 0:01:46]} 25. Rac1 {[%emt 0:02:15]} Qc8 {[%emt 0:00:30]} 26. Nc3 {[%emt 0:00:30]} h6 {[%emt 0:00:30]} 27. h4 {[%emt 0:00:30]} Qg4 {[%emt 0:18:09]} 28. Qe2 {[%emt 0:09:02]} Qe6 {[%emt 0:04:10]} 29. Kh2 {[%emt 0:00:57]} Bxh4 {[%emt 0:02:07]} 30. gxh4 {[%emt 0:00:11]} Qf6 {[%emt 0:00:44]} 31. Nd5 {[%emt 0:03:26]} Qxh4+ {[%emt 0:00:12]} 32. Bh3 {[%emt 0:01:51]} Nf6 {[%emt 0:05:00]} 33. Nxf6+ {[%emt 0:03:01]} Qxf6 {[%emt 0:00:07]} 34. Rc2 {[%emt 0:01:33]} Rb6 {[%emt 0:01:13]} 35. Bd2 {[%emt 0:01:00]} Rxb3 {[%emt 0:00:00]} 36. Be3 {[%emt 0:02:39]} Nh4 {[%emt 0:02:40]} 37. Qg4 {[%emt 0:00:21]} Nf3+ {[%emt 0:01:14]} 38. Kg2 {[%emt 0:00:53]} Nd4 {[%emt 0:01:31]} 39. Rcd2 {[%emt 0:01:27]} Ra5 {[%emt 0:02:40]} 40. Rd3 {[%emt 0:02:46]} Rxd3 {[%emt 0:00:00]} 41. Rxd3 {[%emt 0:00:03]} Rc5 {[%emt 0:14:18]} 42. Ra3 {[%emt 0:04:20]} Rxc4 {[%emt 0:00:00]} 43. Ra8+ {[%emt 0:09:55]} Kh7 {[%emt 0:00:17]} 44. Rb8 {[%emt 0:08:43]} Rc7 {[%emt 0:04:42]} 45. Qh5 {[%emt 0:03:24]} Qg6+ {[%emt 0:00:04]} 46. Qxg6+ {[%emt 0:01:39]} Kxg6 {[%emt 0:00:09]} 47. Rd8 {[%emt 0:00:00]} Rc6 {[%emt 0:01:28]} 48. Bd7 {[%emt 0:04:25]} Rc7 {[%emt 0:03:18]} 49. Ba4 {[%emt 0:05:44]} Ne6 {[%emt 0:04:53]} 50. Rxd6 {[%emt 0:00:00]} Kh7 {[%emt 0:01:35]} 51. Bb3 {[%emt 0:01:22]} Nf4+ {[%emt 0:02:13]} 52. Kf3 {[%emt 0:01:15]} g5 {[%emt 0:00:00]} 53. Kg4 {[%emt 0:00:00]} Kg7 {[%emt 0:00:00]} 54. Rb6 {[%emt 0:02:20]} Ng2 {[%emt 0:00:08]} 55. Bd2 {[%emt 0:02:41]} Nh4 {[%emt 0:03:59]} 56. Bd5 {[%emt 0:00:00]} Rc2 {[%emt 0:00:46]} 57. Be3 {[%emt 0:00:00]} Ng2 {[%emt 0:02:20]} 58. Rxb7 {[%emt 0:00:17]} Nxe3+ {[%emt 0:00:00]} 59. fxe3 {[%emt 0:00:00]} Rf2 {[%emt 0:00:20]} 60. Re7 {[%emt 0:01:06]} Kg6 {[%emt 0:00:00]} 61. Kg3 {[%emt 0:01:33]} Rf1 {[%emt 0:00:00]} 62. Kg2 {[%emt 0:00:07]} Rf6 {[%emt 0:00:00]} 63. Rxe5 {[%emt 0:00:00]} g4 {[%emt 0:00:54]} 64. Kg3 h5 {[%emt 0:02:40]} 65. Kh4 {[%emt 0:00:00]} Rf3 {[%emt 0:00:00]} 66. Rg5+ {[%emt 0:00:00]} Kf6 {[%emt 0:00:11]} 67. e5+ {[%emt 0:00:10]} 1-0

[Event "VI Sunway Sitges Open 2019"]
[Site "Sitges"]
[Date "2019.12.15"]
[Round "3.25"]
[White "Kiremitciyan, Ari"]
[Black "Krysa, Leandro"]
[Result "1/2-1/2"]
[WhiteElo "2270"]
[BlackElo "2527"]
[Annotator "ChessBase"]
[PlyCount "56"]
[EventDate "2019.12.13"]
[EventType "swiss"]
[EventCountry "ESP"]
[SourceTitle "playchess.com"]
[Source "ChessBase"]
[SourceQuality "1"]
[TimeControl "40/5400+30:1800+30"]

1. Nf3 d5 2. e3 {[%emt 0:01:39]} Nf6 3. c4 e6 4. Nc3 b6 5. b3 Bb7 6. Bb2 Nbd7 7. cxd5 exd5 8. d4 Bd6 9. Bd3 O-O 10. O-O a6 11. Ne2 Re8 12. Ng3 {[%emt 0:07:31]} Ne4 {[%emt 0:09:18]} 13. Rc1 {[%emt 0:27:08]} Nxg3 {[%emt 0:01:07]} 14. hxg3 {[%emt 0:00:00]} Nf6 {[%emt 0:15:22]} 15. Ne5 {[%emt 0:16:32]} c5 {[%emt 0:13:46]} 16. Nf3 {[%emt 0:02:22]} Ne4 {[%emt 0:03:30]} 17. dxc5 {[%emt 0:00:10]} bxc5 {[%emt 0:04:58]} 18. Rc2 {[%emt 0:06:20]} Qe7 {[%emt 0:07:22]} 19. Re1 {[%emt 0:04:42]} a5 {[%emt 0:06:04]} 20. Bb5 {[%emt 0:00:16]} Red8 {[%emt 0:04:38]} 21. Nd2 {[%emt 0:00:39]} Ng5 {[%emt 0:03:19]} 22. Qa1 {[%emt 0:02:04]} f6 {[%emt 0:03:22]} 23. Qd1 {[%emt 0:05:06]} f5 {[%emt 0:03:53]} 24. Qe2 {[%emt 0:05:43]} Ne6 {[%emt 0:02:07]} 25. Nf3 {[%emt 0:01:59]} Nc7 {[%emt 0:17:24]} 26. Ba4 {[%emt 0:02:17]} Ne6 {[%emt 0:00:39]} 27. Bb5 {[%emt 0:00:09]} Nc7 {[%emt 0:01:25]} 28. Ba4 {[%emt 0:00:25]} Ne6 {[%emt 0:00:54]} 1/2-1/2

[Event "VI Sunway Sitges Open 2019"]
[Site "Sitges"]
[Date "2019.12.15"]
[Round "3.26"]
[White "Parvanyan, Ashot"]
[Black "Ivanchuk, Vassily"]
[Result "1/2-1/2"]
[WhiteElo "2456"]
[BlackElo "2690"]
[Annotator "TA"]
[PlyCount "55"]
[EventDate "2019.12.13"]
[EventType "swiss"]
[EventCountry "ESP"]
[SourceTitle "playchess.com"]
[Source "ChessBase"]
[SourceQuality "1"]

{[%evp 9,55,12,20,0,0,-22,-27,-18,-9,-13,0,-25,-34,-36,-23,-37,-38,-54,-58,-44,0,0,0,0,0,4,88,93,93,82,84,87,151,121,418,398,366,148,139,158,158,137,141,0,0,0,119,0]} 1. Nf3 g6 2. c4 Bg7 3. e4 e5 4. d4 exd4 5. Nxd4 Nf6 6. Bd3 {A10: English Opening: Unusual Replies for Black} Nc6 7. Nxc6 $146 ({Predecessor:} 7. Ne2 O-O 8. O-O Ne5 9. Nbc3 d6 10. b3 Nfg4 11. h3 Nxd3 12. Qxd3 Ne5 13. Qg3 f5 {1-0 (53) Malakhov,V (2695)-Bai,J (2564) China 2016}) 7... dxc6 8. O-O {Black has an edge.} Bg4 9. Qc2 Nd7 10. Re1 (10. f3 $5 {[%cal Rf3g4]} Be6 11. Be3 $11) 10... Qh4 11. Bf1 O-O-O 12. Be3 Be5 {[%csl Ge5][%cal Rh4h2]} 13. g3 Qf6 14. Nd2 Bxb2 15. Rab1 Bd4 16. Bxd4 $40 {[%mdl 128] White is up to no good.} Qxd4 17. Nb3 Qd6 (17... Qf6 $11) 18. c5 $16 {[%mdl 1024] White has strong compensation.} Qe7 19. h3 Be6 20. Rec1 {Hoping for Na5.} Qf6 (20... Bxb3 $142 21. Qxb3 Nxc5) 21. Be2 {Threatens to win with Na5.} ({Much less strong is} 21. Na5 Ne5 $14) 21... h5 $2 {[%mdl 8192]} (21... Ne5 $16) 22. Na5 $18 h4 {aiming for ...hxg3.} 23. Nxc6 (23. g4 $18 {and the rest is easy.}) 23... hxg3 $16 24. Nxa7+ Kb8 25. Nc6+ $1 {[%mdl 64] Double Attack} Kc8 26. Na7+ {[#]} Kb8 $1 {[%mdl 512]} 27. Nc6+ $1 {[%mdl 64] [#] Double Attack} Kc8 $1 {[%mdl 512] [#]} 28. Na7+ {Accuracy: White = 59%, Black = 49%.} (28. Ba6 $1 $16 {[%csl Gb1][%cal Ra6b7][%mdl 512]} gxf2+ (28... bxa6 29. Na7#) 29. Qxf2 Qxf2+ 30. Kxf2 Nxc5 31. Rxc5 (31. Nxd8 Nxe4+ 32. Ke3 Kxd8 $16) 31... bxa6 32. Rc2 (32. Nxd8 Rxd8 33. Rbc1 Kb8 $16)) 1/2-1/2